<?xml version="1.0" encoding="UTF-8"?>
<collection xmlns="http://www.loc.gov/MARC21/slim">
    <record>
        <controlfield tag="001">79558</controlfield>
        <controlfield tag="005">20200707115302.0</controlfield>
        <datafield tag="024" ind1="7" ind2=" ">
            <subfield code="2">doi</subfield>
            <subfield code="a">10.6018/reifop.22.2.344671</subfield>
        </datafield>
        <datafield tag="024" ind1="8" ind2=" ">
            <subfield code="2">sideral</subfield>
            <subfield code="a">111645</subfield>
        </datafield>
        <datafield tag="037" ind1=" " ind2=" ">
            <subfield code="a">ART-2019-111645</subfield>
        </datafield>
        <datafield tag="041" ind1=" " ind2=" ">
            <subfield code="a">spa</subfield>
        </datafield>
        <datafield tag="100" ind1=" " ind2=" ">
            <subfield code="0">(orcid)0000-0003-4147-1821</subfield>
            <subfield code="a">Ponz Miranda, A.</subfield>
            <subfield code="u">Universidad de Zaragoza</subfield>
        </datafield>
        <datafield tag="245" ind1=" " ind2=" ">
            <subfield code="a">Valoración del Prácticum de los Grados de Magisterio de Teruel (España) ante una experiencia de gestión coordinada entre la universidad y la administración educativa</subfield>
        </datafield>
        <datafield tag="260" ind1=" " ind2=" ">
            <subfield code="c">2019</subfield>
        </datafield>
        <datafield tag="506" ind1="0" ind2=" ">
            <subfield code="a">Access copy available to the general public</subfield>
            <subfield code="f">Unrestricted</subfield>
        </datafield>
        <datafield tag="520" ind1="3" ind2=" ">
            <subfield code="a">El Prácticum es considerado como un proceso esencial en la formación del futuro docente. En este trabajo se muestra la valoración ejercida por los tres agentes participantes, maestros/as, estudiantes y profesorado universitario, tras un acuerdo de mejora organizativa entre la administración educativa y la universidad. Los estudiantes valoran mejor la labor realizada por su maestro/a tutor/a que la ejercida por su profesor/a tutor/a universitario/a. Los/as maestros/as tutores/as y el profesorado universitario solicitan un mayor reconocimiento (incentivos) por parte de las instituciones responsables, administración educativa y universidad, que deben proporcionar más medios si realmente desean mejorar la formación de nuestro profesorado.</subfield>
        </datafield>
        <datafield tag="536" ind1=" " ind2=" ">
            <subfield code="9">info:eu-repo/grantAgreement/ES/UZ/PIIDUZ-15-335</subfield>
        </datafield>
        <datafield tag="540" ind1=" " ind2=" ">
            <subfield code="9">info:eu-repo/semantics/openAccess</subfield>
            <subfield code="a">by-nc-nd</subfield>
            <subfield code="u">http://creativecommons.org/licenses/by-nc-nd/3.0/es/</subfield>
        </datafield>
        <datafield tag="592" ind1=" " ind2=" ">
            <subfield code="a">0.0</subfield>
            <subfield code="b">2019</subfield>
        </datafield>
        <datafield tag="593" ind1=" " ind2=" ">
            <subfield code="a">Education</subfield>
            <subfield code="c">2019</subfield>
        </datafield>
        <datafield tag="655" ind1=" " ind2="4">
            <subfield code="a">info:eu-repo/semantics/article</subfield>
            <subfield code="v">info:eu-repo/semantics/publishedVersion</subfield>
        </datafield>
        <datafield tag="700" ind1=" " ind2=" ">
            <subfield code="0">(orcid)0000-0002-9208-4824</subfield>
            <subfield code="a">Abarca Sos, A.</subfield>
            <subfield code="u">Universidad de Zaragoza</subfield>
        </datafield>
        <datafield tag="700" ind1=" " ind2=" ">
            <subfield code="0">(orcid)0000-0002-2145-4111</subfield>
            <subfield code="a">Ramo Garzarán, R.M.</subfield>
            <subfield code="u">Universidad de Zaragoza</subfield>
        </datafield>
        <datafield tag="710" ind1="2" ind2=" ">
            <subfield code="1">3001</subfield>
            <subfield code="2">187</subfield>
            <subfield code="a">Universidad de Zaragoza</subfield>
            <subfield code="b">Dpto. Expres.Music.Plást.Corp.</subfield>
            <subfield code="c">Área Didáctica Expres.Corporal</subfield>
        </datafield>
        <datafield tag="710" ind1="2" ind2=" ">
            <subfield code="1">4001</subfield>
            <subfield code="2">215</subfield>
            <subfield code="a">Universidad de Zaragoza</subfield>
            <subfield code="b">Dpto. Ciencias de la Educación</subfield>
            <subfield code="c">Área Didáctica y Organiz. Esc.</subfield>
        </datafield>
        <datafield tag="710" ind1="2" ind2=" ">
            <subfield code="1">2001</subfield>
            <subfield code="2">205</subfield>
            <subfield code="a">Universidad de Zaragoza</subfield>
            <subfield code="b">Dpto. Didáctica Cienc. Experi.</subfield>
            <subfield code="c">Área Didáctica Ciencias Exper.</subfield>
        </datafield>
        <datafield tag="773" ind1=" " ind2=" ">
            <subfield code="g">22, 2 (2019), 153-­165</subfield>
            <subfield code="p">Rev. interuniv. form. profr.</subfield>
            <subfield code="t">REVISTA INTERUNIVERSITARIA DE FORMACION DEL PROFESORADO</subfield>
            <subfield code="x">1575-0965</subfield>
        </datafield>
        <datafield tag="856" ind1="4" ind2=" ">
            <subfield code="s">321870</subfield>
            <subfield code="u">http://zaguan.unizar.es/record/79558/files/texto_completo.pdf</subfield>
            <subfield code="y">Versión publicada</subfield>
        </datafield>
        <datafield tag="856" ind1="4" ind2=" ">
            <subfield code="s">72684</subfield>
            <subfield code="u">http://zaguan.unizar.es/record/79558/files/texto_completo.jpg?subformat=icon</subfield>
            <subfield code="x">icon</subfield>
            <subfield code="y">Versión publicada</subfield>
        </datafield>
        <datafield tag="909" ind1="C" ind2="O">
            <subfield code="o">oai:zaguan.unizar.es:79558</subfield>
            <subfield code="p">articulos</subfield>
            <subfield code="p">driver</subfield>
        </datafield>
        <datafield tag="951" ind1=" " ind2=" ">
            <subfield code="a">2020-07-07-11:49:53</subfield>
        </datafield>
        <datafield tag="980" ind1=" " ind2=" ">
            <subfield code="a">ARTICLE</subfield>
        </datafield>
    </record>

    
</collection>